Who Are These Divas? - Statistics

General Stats
  • This quiz has been taken 131 times
  • The average score is 8 of 16
Answer Stats
Picture Hint Answer % Correct
Singer Beyoncé
95%
Rapper Nicki Minaj
94%
Actress Marilyn Monroe
87%
Singer Madonna
77%
Singer Ariana Grande
75%
Singer Cher
70%
Character Jessica Rabbit
56%
Character Maleficent
50%
Character Sharpay Evans
40%
Singer Gwen Stefani
39%
K-pop idol Jisoo
27%
Meme Jiafei
23%
Singer Nicole Scherzinger
23%
Character Shego
17%
Character Mercedes Jones
13%
Character Muffy Crosswire
10%
No matching quizzes found
Score Distribution
Percent of People with Each Score
Percentile by Number Answered
Your Score History
You have not taken this quiz